Microelectronics Line Interface Circuit handbook / (Record no. 189161)
[ view plain ]
| 000 -LEADER | |
|---|---|
| fixed length control field | 00936 a2200169 4500 |
| 003 - CONTROL NUMBER IDENTIFIER | |
| control field | Nust |
| 005 - DATE AND TIME OF LATEST TRANSACTION | |
| control field | 20221228122056.0 |
| 040 ## - CATALOGING SOURCE | |
| Transcribing agency | Nust |
| 082 ## - DEWEY DECIMAL CLASSIFICATION NUMBER | |
| Classification number | 621.395,MIT |
| 100 ## - MAIN ENTRY--PERSONAL NAME | |
| Personal name | MITEL |
| 9 (RLIN) | 104254 |
| 245 ## - TITLE STATEMENT | |
| Title | Microelectronics Line Interface Circuit handbook / |
| 260 ## - PUBLICATION, DISTRIBUTION, ETC. | |
| Name of publisher, distributor, etc. | Mitel |
| Date of publication, distribution, etc. | 1994 |
| Place of publication, distribution, etc. | U.K |
| 300 ## - PHYSICAL DESCRIPTION | |
| Extent | various paging, |
| 505 ## - FORMATTED CONTENTS NOTE | |
| Formatted contents note | Introduction (Page-1-1), Digital Switches (Page-2-1), Primary Rate Interfaces (Page-3-1), Basic Rate Interfaces (Page-4-1), Codecs and Digital Phone Components (Page-5-1), Timing and Control Products (Page-6-1), Analog Switches (Page-7-1), DTMF and Signaling Components (Page-8-1), Line and Trunk Interfaces (Page-9-1), Custom Hybrids (Page-10-1), Custom Wafer Fabrication Services (Page-11-1), Application Notes (Page-12-1), Glossary of Telecommunications Terms (Page-13-1), General Information (Page-14-1). |
| 650 ## - SUBJECT ADDED ENTRY--TOPICAL TERM | |
| Topical term or geographic name entry element | Microelectronics Line Interface Circuit handbook |
| 9 (RLIN) | 106192 |
| 942 ## - ADDED ENTRY ELEMENTS (KOHA) | |
| Source of classification or shelving scheme | |
| Koha item type | Book |
| Withdrawn status | Lost status | Source of classification or shelving scheme | Damaged status | Not for loan | Permanent Location | Current Location | Shelving location | Date acquired | Full call number | Barcode | Date last seen | Price effective from | Koha item type | Public note | Total Checkouts |
|---|---|---|---|---|---|---|---|---|---|---|---|---|---|---|---|
| Military College of Signals (MCS) | Military College of Signals (MCS) | General Stacks | 12/12/2016 | 621.395,MIT | MCS34964 | 12/08/2016 | 12/12/2016 | Book | Almirah No.40, Shelf No.3 | ||||||
| Military College of Signals (MCS) | Military College of Signals (MCS) | General Stacks | 12/12/2016 | 621.395,MIT | MCS34986 | 12/08/2016 | 12/12/2016 | Book | Almirah No.40, Shelf No.3 | ||||||
| Military College of Signals (MCS) | Military College of Signals (MCS) | General Stacks | 12/28/2022 | 621.395,MIT | MCS34987 | 12/28/2022 | 12/28/2022 | Book | Almirah No.40, Shelf No.3 |
